000 00715nam a22002057a 4500
005 20200104041632.0
008 150116b ck || |r|||| 00| 0 spa d
040 _aCO-BoIAVH
_cCO-BoIAVH
041 _aspa
044 _ack
090 _aEA
_b00278
245 _aPrograma de Capacitación y Sensibilización para Separación de Residuos Sólidos en la Fuente
260 _a[Sin lugar de publicación]
_bCORPOBOYACÁ,
_c[Sin fecha de publicación]
300 _a20 pag
_bFot (col), il.
_c21 cm.
650 6 _aEducación ambiental
_9162
650 _aAprovechamiento de residuos
_931696
650 6 _aBasuras y aprovechamiento de basuras
_928550
650 _aProtección del medio ambiente
_9271
942 _2z
_cLIBRO
999 _c9011
_d9011